[Event "DVM U14 2010"]
[Site "Magdeburg GER"]
[Date "2010.12.27"]
[Round "1"]
[White "Kieslich, Aaron"]
[Black "Grötzbach, Julian"]
[Result "0-1"]
[Termination "normal"]
[Board "1.1"]
[WhiteElo "1831"]
[BlackElo "1879"]
[WhiteTeam "TuS Coswig 1920"]
[BlackTeam "Hamburger SK von 1830"]
[PlyCount "58"]
[WhiteFideId "1270391"]
[BlackFideId "24600938"]
[EventCountry "GER"]
[EventRounds "7"]
[EventType "team-swiss"]
[EventDate "2010.12.26"]

1. e4 c5 2. Nf3 d6 3. d4 cxd4 4. Nxd4 Nf6 5. Nc3 a6 6. f3 e5 7. Nb3 Be6 8. Be3
Be7 9. Qd2 O-O 10. O-O-O Nbd7 11. Kb1 b5 12. Bd3 b4 13. Ne2 d5 14. exd5 Nxd5
15. Be4 Nxe3 16. Qxe3 Rb8 17. Bc6 Qc7 18. Bxd7 Bxd7 19. Ng3 Rbc8 20. Rd2 Rfd8
21. Rhd1 h6 22. f4 f6 23. fxe5 fxe5 24. Ne4 Bf5 25. Rxd8+ Rxd8 26. Rxd8+ Qxd8
27. Ng3 Qd1+ 28. Qc1 Bxc2+ 29. Ka1 Bxb3 0-1

[Event "DVM U14 2010"]
[Site "Magdeburg GER"]
[Date "2010.12.27"]
[Round "1"]
[White "Grötzbach, Daniel"]
[Black "Linnemann, Niklas"]
[Result "1/2-1/2"]
[Termination "normal"]
[Board "1.2"]
[WhiteElo "1775"]
[BlackElo "1861"]
[WhiteTeam "Hamburger SK von 1830"]
[BlackTeam "TuS Coswig 1920"]
[PlyCount "63"]
[WhiteFideId "24692166"]
[BlackFideId "24695645"]
[EventCountry "GER"]
[EventRounds "7"]
[EventType "team-swiss"]
[EventDate "2010.12.26"]

1. e4 {[%emt 0:00:00]} c5 2. Nf3 e6 3. d4 cxd4 4. Nxd4 a6 5. Bd3 Qc7 6. O-O Nf6
7. Qe2 Nc6 8. Nxc6 bxc6 9. c4 d5 10. cxd5 cxd5 11. exd5 Nxd5 12. Bd2 Bd6 13. g3
Be5 14. Rc1 Qd6 15. Na3 Bf6 16. Nc4 Qb8 17. Be4 O-O 18. Qf3 Bb7 19. Rc2 Bd4 20.
Bxh7+ Kxh7 21. Qe4+ Kg8 22. Qxd4 Rc8 23. Rac1 Qc7 24. Ne3 Qd7 25. Nxd5 Bxd5 26.
b3 Qb7 27. Bc3 f6 28. f4 a5 29. Bb2 Rxc2 30. Rxc2 Rc8 31. Rxc8+ Qxc8 32. Qc3
1/2-1/2

[Event "DVM U14 2010"]
[Site "Magdeburg GER"]
[Date "2010.12.27"]
[Round "1"]
[White "Pührer, Anne"]
[Black "Kramer, Julian"]
[Result "0-1"]
[Termination "normal"]
[Board "1.3"]
[WhiteElo "1714"]
[BlackElo "1816"]
[WhiteTeam "TuS Coswig 1920"]
[BlackTeam "Hamburger SK von 1830"]
[PlyCount "54"]
[WhiteFideId "24692247"]
[BlackFideId "12921742"]
[EventCountry "GER"]
[EventRounds "7"]
[EventType "team-swiss"]
[EventDate "2010.12.26"]

1. e4 {[%emt 0:00:00]} c5 2. Nf3 d6 3. d4 cxd4 4. Nxd4 Nf6 5. Nc3 a6 6. Bd3 Nc6
7. Be3 e6 8. f4 e5 9. Nxc6 bxc6 10. fxe5 Ng4 11. Bf4 dxe5 12. Bg3 Qg5 13. Qe2
h5 14. Bf2 Be6 15. Rd1 Nxf2 16. Qxf2 Be7 17. Rd2 Qg4 18. Be2 Qg6 19. Kd1 O-O
20. h4 Rab8 21. Kc1 Bb4 22. Rd3 Bxc3 23. Rxc3 Qxe4 24. Bxa6 Qb4 25. Rxc6 Qxb2+
26. Kd2 Rbd8+ 27. Ke2 Bg4+ 0-1

[Event "DVM U14 2010"]
[Site "Magdeburg GER"]
[Date "2010.12.27"]
[Round "1"]
[White "Sander, Jean Louis"]
[Black "Bechler, Lukas"]
[Result "1-0"]
[Termination "normal"]
[Board "1.4"]
[WhiteElo "1822"]
[BlackElo "1430"]
[WhiteTeam "Hamburger SK von 1830"]
[BlackTeam "TuS Coswig 1920"]
[PlyCount "65"]
[WhiteFideId "12903280"]
[BlackFideId "12927597"]
[EventCountry "GER"]
[EventRounds "7"]
[EventType "team-swiss"]
[EventDate "2010.12.26"]

1. e4 e6 2. d4 d5 3. Nc3 Nf6 4. e5 Nfd7 5. f4 c5 6. Nf3 Nc6 7. Be3 Be7 8. Be2
b6 9. O-O Bb7 10. Qe1 Qc7 11. a4 O-O 12. Qg3 cxd4 13. Nxd4 Nxd4 14. Bxd4 Bc5
15. Nb5 Bxd4+ 16. Nxd4 Nc5 17. Bf3 Ba6 18. Rf2 Rac8 19. f5 Nd7 20. fxe6 Nxe5
21. exf7+ Nxf7 22. Qxc7 Rxc7 23. Ne6 Rd7 24. Nxf8 Kxf8 25. Rd1 d4 26. Rfd2 Rc7
27. Bd5 Ne5 28. Rf2+ Ke7 29. Rxd4 Rd7 30. Rdd2 Nc4 31. Rf7+ Kd8 32. Rxd7+ Kxd7
33. Bxc4+ 1-0

[Event "DVM U14 2010"]
[Site "Magdeburg GER"]
[Date "2010.12.27"]
[Round "1"]
[White "Sawlin, Leonid"]
[Black "Kulok, Solomon"]
[Result "1-0"]
[Termination "normal"]
[Board "2.1"]
[WhiteElo "1940"]
[BlackElo "1638"]
[WhiteTeam "TuS Makkabi Berlin"]
[BlackTeam "Noris-Tarrasch Nürnberg"]
[PlyCount "89"]
[WhiteFideId "4689542"]
[BlackFideId "24652210"]
[EventCountry "GER"]
[EventRounds "7"]
[EventType "team-swiss"]
[EventDate "2010.12.26"]

1. e4 c5 2. Nf3 e6 3. d4 cxd4 4. Nxd4 a6 5. Bd3 Qc7 6. O-O Nc6 7. Nb3 Nf6 8. f4
d6 9. Nc3 Be7 10. Bd2 O-O 11. Qe2 b5 12. Rae1 Bb7 13. e5 Nd7 14. exd6 Bxd6 15.
Ne4 Be7 16. Rf3 g6 17. Rh3 Nf6 18. Ng5 b4 19. Nf3 Rfd8 20. Ne5 a5 21. Qf2 a4
22. Nc1 Nxe5 23. fxe5 Bc5 24. Be3 Ng4 25. Qh4 Nxe3 26. Qxh7+ Kf8 27. Qh8+ Ke7
28. Qf6+ Kd7 29. Qxf7+ Kc8 30. Qxe6+ Kb8 31. Rhxe3 Bxe3+ 32. Rxe3 Qc6 33. Qxc6
Bxc6 34. Ne2 Kc7 35. Nf4 Rg8 36. Bc4 Rh8 37. Nxg6 Rhd8 38. Bd3 Rg8 39. g3 Rae8
40. Nf4 Rg5 41. Ng6 Re6 42. Nf4 Rexe5 43. Kf2 Rxe3 44. Kxe3 Bb5 45. Ne6+ 1-0

[Event "DVM U14 2010"]
[Site "Magdeburg GER"]
[Date "2010.12.27"]
[Round "1"]
[White "Myagkov, Kirill"]
[Black "Lagunow, Elina"]
[Result "1-0"]
[Termination "normal"]
[Board "2.2"]
[WhiteElo "1829"]
[BlackElo "1759"]
[WhiteTeam "Noris-Tarrasch Nürnberg"]
[BlackTeam "TuS Makkabi Berlin"]
[PlyCount "125"]
[WhiteFideId "24657042"]
[BlackFideId "4673387"]
[EventCountry "GER"]
[EventRounds "7"]
[EventType "team-swiss"]
[EventDate "2010.12.26"]

1. e4 c5 2. Nc3 Nc6 3. g3 g6 4. Bg2 Bg7 5. f4 e6 6. Nf3 Nge7 7. d3 d5 8. e5 O-O
9. O-O a6 10. Kh1 Bd7 11. d4 Nf5 12. Ne2 cxd4 13. Nexd4 Nfxd4 14. Nxd4 Qb6 15.
c3 f6 16. Bh3 Rfe8 17. Nxc6 bxc6 18. Qe2 c5 19. a4 Rab8 20. Rb1 Bxa4 21. Re1
Bb5 22. Qf2 Bd3 23. Ra1 fxe5 24. fxe5 Rf8 25. Qe3 Be4+ 26. Kg1 Rf3 27. Qg5 h6
28. Qd2 g5 29. Bg2 c4+ 30. Qd4 Rf5 31. Qxb6 Rxb6 32. Bxe4 Rxe5 33. Be3 Rxb2 34.
Bg6 Rb3 35. Bd4 Rxe1+ 36. Rxe1 Bxd4+ 37. cxd4 Rb6 38. h4 e5 39. Bf5 e4 40. hxg5
hxg5 41. Re3 Kf7 42. Kf2 Rb2+ 43. Ke1 Rb3 44. Kd2 a5 45. Rxb3 cxb3 46. Kc3 a4
47. Bd7 Kg6 48. g4 Kf6 49. Bxa4 Ke6 50. Bxb3 Kd6 51. Kb4 Kc6 52. Ka5 Kc7 53.
Bxd5 e3 54. Bc4 Kd6 55. Kb4 e2 56. Bxe2 Kd5 57. Kc3 Kd6 58. Kc4 Kc6 59. Bf3+
Kd6 60. d5 Ke5 61. Kc5 Kf4 62. Bd1 Ke5 63. d6 1-0

[Event "DVM U14 2010"]
[Site "Magdeburg GER"]
[Date "2010.12.27"]
[Round "1"]
[White "Lagunow, Raphael"]
[Black "Yarsev, Alexander"]
[Result "1/2-1/2"]
[Termination "normal"]
[Board "2.3"]
[WhiteElo "1609"]
[BlackElo "1648"]
[WhiteTeam "TuS Makkabi Berlin"]
[BlackTeam "Noris-Tarrasch Nürnberg"]
[PlyCount "98"]
[WhiteFideId "24652644"]
[BlackFideId "24690252"]
[EventCountry "GER"]
[EventRounds "7"]
[EventType "team-swiss"]
[EventDate "2010.12.26"]

1. e4 c5 2. c3 Nc6 3. d4 cxd4 4. cxd4 d6 5. Nc3 Nf6 6. Bb5 Bd7 7. Nf3 a6 8.
Bxc6 Bxc6 9. d5 Bd7 10. a4 e6 11. O-O exd5 12. exd5 Be7 13. a5 O-O 14. Re1 Re8
15. Be3 Bg4 16. Bb6 Qd7 17. Rc1 Bd8 18. Qd3 Bxb6 19. axb6 Bf5 20. Qd4 Rac8 21.
h3 Rxe1+ 22. Rxe1 Re8 23. Rxe8+ Qxe8 24. Qf4 Qd7 25. Nd4 Bg6 26. Qe3 Kf8 27. b4
Qe8 28. Qxe8+ Kxe8 29. b5 axb5 30. Ndxb5 Kd7 31. f3 Bd3 32. Nc7 Ne8 33. Nxe8
Kxe8 34. Kf2 Ke7 35. g3 Bc4 36. Ke3 h6 37. Kd4 Bf1 38. h4 Bg2 39. f4 Bf3 40.
Ne4 Bg4 41. Nf2 Bf3 42. Ne4 Bd1 43. Nd2 Bg4 44. Nc4 g6 45. Na5 Bc8 46. Nc4 Bg4
47. Ne3 Bd7 48. g4 f5 49. gxf5 gxf5 1/2-1/2

[Event "DVM U14 2010"]
[Site "Magdeburg GER"]
[Date "2010.12.27"]
[Round "1"]
[White "Chen, Yilun"]
[Black "Polutskyi, Sergii"]
[Result "1-0"]
[Termination "normal"]
[Board "2.4"]
[WhiteElo "1420"]
[BlackElo "1754"]
[WhiteTeam "Noris-Tarrasch Nürnberg"]
[BlackTeam "TuS Makkabi Berlin"]
[PlyCount "121"]
[WhiteFideId "12913219"]
[BlackFideId "14129310"]
[EventCountry "GER"]
[EventRounds "7"]
[EventType "team-swiss"]
[EventDate "2010.12.26"]

1. e4 d5 2. exd5 Qxd5 3. Nc3 Qa5 4. Nf3 Bg4 5. h3 Bh5 6. Bc4 Nc6 7. O-O O-O-O
8. Be2 Nf6 9. d3 h6 10. a3 g5 11. b4 Nxb4 12. Bxg5 hxg5 13. axb4 Qxb4 14. Qd2
Bxf3 15. Bxf3 Qc5 16. Rfb1 c6 17. Na4 Qf5 18. Qb4 Rd7 19. Bxc6 Rc7 20. Bxb7+
Kd8 21. Qd4+ Ke8 22. Ba6 Nd7 23. Bc4 Rh4 24. Qb2 Rhxc4 25. dxc4 Rxc4 26. Nc3
Bg7 27. Rxa7 Rc8 28. Qb7 Rd8 29. Qb3 Bd4 30. Raa1 Bxf2+ 31. Kh1 g4 32. Ne2 Nc5
33. Qc3 f6 34. Rf1 Ne4 35. Qa3 Kf7 36. Ng3 Nxg3+ 37. Qxg3 Rd2 38. Qb3+ Kg7 39.
Rae1 Kf8 40. Qb8+ Kf7 41. Qc7 Rd7 42. Qc4+ Kg7 43. Re2 g3 44. Re3 Qh5 45. Re4
Rd5 46. Rxe7+ Kf8 47. Rb7 Qd1 48. Qb4+ Kg8 49. Qc4 Kf8 50. Rb8+ Ke7 51. Rb7+
Kf8 52. Rh7 Bb6 53. Qf4 Kg8 54. Rh4 Bf2 55. Rg4+ Kf7 56. Qc1 Qe2 57. Rb4 Rh5
58. Qd1 Qe6 59. Qxh5+ Kf8 60. Rb8+ Kg7 61. Qg4+ 1-0

[Event "DVM U14 2010"]
[Site "Magdeburg GER"]
[Date "2010.12.27"]
[Round "1"]
[White "Mittelstädt, Joel"]
[Black "Grigorian, Spartak"]
[Result "1-0"]
[Termination "normal"]
[Board "3.1"]
[WhiteElo "1643"]
[BlackElo "1869"]
[WhiteTeam "SC GW Baumschulenweg"]
[BlackTeam "SK Wildeshausen"]
[PlyCount "95"]
[WhiteFideId "12910368"]
[BlackFideId "24661490"]
[EventCountry "GER"]
[EventRounds "7"]
[EventType "team-swiss"]
[EventDate "2010.12.26"]

1. b4 e5 2. Bb2 Bxb4 3. Bxe5 Nf6 4. c3 Ba5 5. Bxf6 Qxf6 6. e3 O-O 7. Nf3 d5 8.
Qb3 Rd8 9. d4 c5 10. Nbd2 Nc6 11. Bb5 c4 12. Qa3 Bc7 13. Ba4 Bf5 14. Qb2 Rab8
15. Bc2 b5 16. a3 a5 17. Bxf5 Qxf5 18. O-O b4 19. Rab1 Bd6 20. Rfe1 bxa3 21.
Qa2 Qd3 22. Rec1 a4 23. Ne1 Qe2 24. Qc2 Rxb1 25. Rxb1 Rb8 26. Rxb8+ Bxb8 27.
Nef3 a2 28. Qxa4 Qd3 29. Qxa2 Qf5 30. Qa8 Qc8 31. g3 h6 32. e4 dxe4 33. Nxe4
Kh7 34. Nd6 Qg4 35. Qxc6 Bxd6 36. Ne5 Bxe5 37. dxe5 Qd1+ 38. Kg2 Qd3 39. Qf3
Qg6 40. Qd5 Qa6 41. Qxf7 Qc6+ 42. Qf3 Qc5 43. Qe4+ Kg8 44. e6 Kf8 45. Qf4+ Kg8
46. Qf7+ Kh7 47. e7 Qc6+ 48. Kg1 1-0

[Event "DVM U14 2010"]
[Site "Magdeburg GER"]
[Date "2010.12.27"]
[Round "1"]
[White "Finke, Maurice"]
[Black "Teschke, Max"]
[Result "1/2-1/2"]
[Termination "normal"]
[Board "3.2"]
[WhiteElo "1738"]
[BlackElo "1635"]
[WhiteTeam "SK Wildeshausen"]
[BlackTeam "SC GW Baumschulenweg"]
[PlyCount "82"]
[WhiteFideId "12909580"]
[BlackFideId "12910376"]
[EventCountry "GER"]
[EventRounds "7"]
[EventType "team-swiss"]
[EventDate "2010.12.26"]

1. d4 Nf6 2. c4 c5 3. d5 b5 4. cxb5 a6 5. bxa6 Bxa6 6. Nc3 d6 7. g3 g6 8. Bg2
Bg7 9. Nf3 Nbd7 10. Rb1 O-O 11. O-O Qa5 12. Bd2 Qc7 13. Qc1 Nb6 14. Nh4 Rfb8
15. b3 Bb7 16. e4 Nfd7 17. Bh6 Bh8 18. Nf3 Ba6 19. Re1 Ne5 20. Nxe5 Bxe5 21. h4
Nd7 22. h5 Bd3 23. Rb2 Qa5 24. Bd2 Qb6 25. h6 c4 26. Be3 Qb4 27. Bd2 Qa3 28.
Bf1 Bxf1 29. Rxf1 Nc5 30. Rb1 cxb3 31. Qxa3 Rxa3 32. axb3 Nxb3 33. Ne2 Raa8 34.
Bc3 Bxc3 35. Nxc3 Nd2 36. Rxb8+ Rxb8 37. Ra1 Nf3+ 38. Kg2 Ne5 39. Kh3 f6 40.
Kg2 Ng4 41. Rh1 Kf7 1/2-1/2

[Event "DVM U14 2010"]
[Site "Magdeburg GER"]
[Date "2010.12.27"]
[Round "1"]
[White "Spilke, Paul"]
[Black "Duchow, Julien"]
[Result "1-0"]
[Termination "normal"]
[Board "3.3"]
[WhiteElo "1628"]
[BlackElo "1568"]
[WhiteTeam "SC GW Baumschulenweg"]
[BlackTeam "SK Wildeshausen"]
[PlyCount "140"]
[EventCountry "GER"]
[EventRounds "7"]
[EventType "team-swiss"]
[EventDate "2010.12.26"]

1. d4 Nf6 2. Nf3 d5 3. e3 e6 4. Bd3 c5 5. c3 Nc6 6. Nbd2 Bd6 7. O-O O-O 8. Qe2
h6 9. dxc5 Bxc5 10. e4 Qc7 11. exd5 exd5 12. Nb3 Bb6 13. h3 Re8 14. Qc2 Bd7 15.
Bd2 Bxh3 16. Bf5 Ng4 17. Nbd4 Nce5 18. Bxg4 Bxg4 19. Nxe5 Qxe5 20. Rfe1 Qf6 21.
Be3 Bc7 22. Qd2 Qg6 23. Bf4 Bh3 24. g3 Bxf4 25. Qxf4 Re4 26. Rxe4 Qxe4 27. Qxe4
dxe4 28. Re1 Re8 29. f3 f5 30. Kh2 Bg4 31. fxg4 fxg4 32. Kg2 Kf7 33. a3 Kf6 34.
Kf2 g5 35. Rh1 Rf8 36. Rf1 Ke5+ 37. Ke2 Rxf1 38. Kxf1 e3 39. Ke2 Ke4 40. Nc2 b6
41. Nxe3 h5 42. Ng2 h4 43. gxh4 gxh4 44. Nxh4 g3 45. b3 a6 46. Ng2 b5 47. a4
bxa4 48. bxa4 a5 49. c4 Kd4 50. Ne3 Kc5 51. Kd3 Kb4 52. Ke2 Kxa4 53. Nc2 Kb3
54. c5 g2 55. Kf2 Kxc2 56. c6 a4 57. c7 a3 58. c8=Q+ Kb2 59. Qb7+ Ka1 60. Qg7+
Kb1 61. Qg6+ Kb2 62. Qf6+ Kb1 63. Qf5+ Kb2 64. Qe5+ Kb1 65. Qe4+ Ka1 66. Qe1+
Kb2 67. Qd2+ Kb1 68. Qd3+ Kb2 69. Qd4+ Kb1 70. Qb4+ Ka2 1-0

[Event "DVM U14 2010"]
[Site "Magdeburg GER"]
[Date "2010.12.27"]
[Round "1"]
[White "Stukenborg, Rudi"]
[Black "Siegemund, Georg"]
[Result "0-1"]
[Termination "normal"]
[Board "3.4"]
[WhiteElo "1405"]
[BlackElo "1510"]
[WhiteTeam "SK Wildeshausen"]
[BlackTeam "SC GW Baumschulenweg"]
[PlyCount "86"]
[WhiteFideId "1270497"]
[EventCountry "GER"]
[EventRounds "7"]
[EventType "team-swiss"]
[EventDate "2010.12.26"]

1. e4 c5 2. Nc3 Nc6 3. g3 e6 4. Bg2 Nf6 5. Nge2 Be7 6. d3 d6 7. O-O a6 8. f4 h5
9. Bd2 h4 10. Be1 Ng4 11. Qd2 hxg3 12. Bxg3 Bh4 13. h3 Bxg3 14. Nxg3 Qh4 15.
Qe1 Nd4 16. Rc1 Nh6 17. Nce2 Nxe2+ 18. Nxe2 Qxe1 19. Rcxe1 Bd7 20. e5 d5 21. d4
c4 22. b3 Rc8 23. Rb1 b5 24. b4 Nf5 25. Rf3 Ra8 26. Ra3 Ke7 27. Rf1 a5 28. Rxa5
Rxa5 29. bxa5 Ra8 30. c3 Rxa5 31. Nc1 Ra3 32. Rf3 Nh4 33. Rg3 b4 34. Bf1 Nf5
35. Rg2 Rxc3 36. Ne2 Rc2 37. Kf2 Rxa2 38. Ke1 g6 39. Kd1 Ne3+ 40. Ke1 Nxg2+ 41.
Bxg2 b3 42. Bf1 Rxe2+ 43. Bxe2 b2 0-1

[Event "DVM U14 2010"]
[Site "Magdeburg GER"]
[Date "2010.12.27"]
[Round "1"]
[White "Urban, Lars"]
[Black "Müller, Nils Samuel"]
[Result "1-0"]
[Termination "normal"]
[Board "4.1"]
[WhiteElo "1881"]
[BlackElo "1665"]
[WhiteTeam "SV Empor Erfurt"]
[BlackTeam "SG KK Hohentübingen"]
[PlyCount "41"]
[WhiteFideId "4644034"]
[BlackFideId "24654361"]
[EventCountry "GER"]
[EventRounds "7"]
[EventType "team-swiss"]
[EventDate "2010.12.26"]

1. d4 Nf6 2. c4 g6 3. Nc3 Bg7 4. e4 d6 5. f3 O-O 6. Be3 Nbd7 7. Nh3 c5 8. d5
Ne5 9. Nf2 a6 10. Be2 Rb8 11. O-O e6 12. f4 Ned7 13. dxe6 Nb6 14. exf7+ Rxf7
15. Bxc5 Be6 16. Qxd6 Qxd6 17. Bxd6 Rd8 18. e5 Ne8 19. c5 Nc4 20. Nfe4 Ne3 21.
Ng5 1-0

[Event "DVM U14 2010"]
[Site "Magdeburg GER"]
[Date "2010.12.27"]
[Round "1"]
[White "Allin, Alexander"]
[Black "Maurer, Noah"]
[Result "1-0"]
[Termination "normal"]
[Board "4.3"]
[WhiteElo "1613"]
[BlackElo "1377"]
[WhiteTeam "SV Empor Erfurt"]
[BlackTeam "SG KK Hohentübingen"]
[PlyCount "81"]
[WhiteFideId "12903698"]
[BlackFideId "12920673"]
[EventCountry "GER"]
[EventRounds "7"]
[EventType "team-swiss"]
[EventDate "2010.12.26"]

1. e4 e6 2. d4 d5 3. exd5 exd5 4. Nf3 Nf6 5. Nc3 c6 6. a3 Bd6 7. Bd3 O-O 8. Bg5
Bg4 9. h3 Re8+ 10. Be2 Bxf3 11. gxf3 h6 12. Bh4 Nbd7 13. Qd2 Qc7 14. Rg1 Bf4
15. Qd3 Nh5 16. Qf5 Ndf6 17. Bxf6 Nxf6 18. Qxf6 Bg5 19. Qf5 Qh2 20. Qg4 Qd6 21.
h4 Bf6 22. O-O-O h5 23. Qxh5 Qf4+ 24. Kb1 Re6 25. Qg4 Qh6 26. Bd3 Qxh4 27. Qxh4
Bxh4 28. Rg2 Rf6 29. Rh1 g5 30. Rxh4 Re8 31. Rxg5+ Kf8 32. Rh8+ Ke7 33. Re5+
Re6 34. Rxe8+ Kxe8 35. Rxe6+ fxe6 36. f4 Kf7 37. f5 a6 38. fxe6+ Kxe6 39. Na4
b5 40. Nc5+ Kd6 41. Nxa6 1-0

[Event "DVM U14 2010"]
[Site "Magdeburg GER"]
[Date "2010.12.27"]
[Round "1"]
[White "Teich, Thomas"]
[Black "Hahn, Cedric"]
[Result "1-0"]
[Termination "normal"]
[Board "5.2"]
[WhiteElo "1629"]
[BlackElo "1579"]
[WhiteTeam "USV TU Dresden"]
[BlackTeam "SC Eppingen"]
[PlyCount "39"]
[BlackFideId "12910538"]
[EventCountry "GER"]
[EventRounds "7"]
[EventType "team-swiss"]
[EventDate "2010.12.26"]

1. e4 {[%emt 0:00:00]} e6 {[%emt 0:00:00]} 2. d4 {[%emt 0:00:02]} d5 {[%emt 0:
00:02]} 3. Nd2 {[%emt 0:00:03]} Nf6 {[%emt 0:00:03]} 4. e5 {[%emt 0:00:04]}
Nfd7 {[%emt 0:00:03]} 5. Bd3 {[%emt 0:00:02]} c5 {[%emt 0:00:00]} 6. c3 {[%emt
0:00:01]} Nc6 {[%emt 0:00:03]} 7. Ne2 {[%emt 0:00:02]} Be7 {[%emt 0:00:02]} 8.
Nf3 {[%emt 0:00:03]} f6 {[%emt 0:00:02]} 9. exf6 {[%emt 0:00:07]} Nxf6 10. O-O
O-O 11. Bg5 Ng4 12. Bxe7 Qxe7 13. h3 e5 14. hxg4 e4 15. Bxe4 dxe4 16. Nh2 cxd4
17. Nxd4 Ne5 18. Re1 Nd3 19. Qxd3 Rxf2 20. Rxe4 1-0

[Event "DVM U14 2010"]
[Site "Magdeburg GER"]
[Date "2010.12.27"]
[Round "1"]
[White "Schückler, Jan"]
[Black "Thamm, Merlin Jannes"]
[Result "0-1"]
[Termination "normal"]
[Board "5.3"]
[WhiteElo "1217"]
[BlackElo "1735"]
[WhiteTeam "SC Eppingen"]
[BlackTeam "USV TU Dresden"]
[PlyCount "72"]
[WhiteFideId "12910554"]
[BlackFideId "24695564"]
[EventCountry "GER"]
[EventRounds "7"]
[EventType "team-swiss"]
[EventDate "2010.12.26"]

1. e4 c6 2. Nc3 d5 3. exd5 cxd5 4. d4 Nf6 5. Bf4 Bf5 6. Bd3 Bg6 7. Bxg6 hxg6 8.
f3 e6 9. Qd3 Nc6 10. Nge2 Be7 11. Qb5 Qc8 12. O-O O-O 13. a3 a6 14. Qd3 b5 15.
b4 Nh5 16. Be5 Qb7 17. Rfd1 Qa7 18. Rdb1 Nxe5 19. Qe3 Nc4 20. Qf2 Rac8 21. g4
Nf6 22. h3 Rc6 23. a4 Qb7 24. a5 Rfc8 25. Qe1 Bd6 26. Rb3 Qe7 27. Rab1 Nh7 28.
h4 Qf6 29. Kg2 Ne3+ 30. Kf2 Nxg4+ 31. Kg2 Ne3+ 32. Kf2 Nf5 33. Qd2 Qxh4+ 34.
Kg2 Qh2+ 35. Kf1 Ng3+ 36. Nxg3 Qxd2 0-1

[Event "DVM U14 2010"]
[Site "Magdeburg GER"]
[Date "2010.12.27"]
[Round "1"]
[White "Schulte, Heiko"]
[Black "Bay, Nicolai"]
[Result "0-1"]
[Termination "normal"]
[Board "5.4"]
[WhiteElo "1387"]
[BlackElo "1024"]
[WhiteTeam "USV TU Dresden"]
[BlackTeam "SC Eppingen"]
[PlyCount "140"]
[BlackFideId "12927619"]
[EventCountry "GER"]
[EventRounds "7"]
[EventType "team-swiss"]
[EventDate "2010.12.26"]

1. e4 {[%emt 0:00:00]} b6 {[%emt 0:00:00]} 2. Nc3 {[%emt 0:00:06]} Bb7 {[%emt
0:00:02]} 3. d4 {[%emt 0:00:29]} e6 {[%emt 0:00:02]} 4. Bd3 {[%emt 0:00:03]}
Bb4 {[%emt 0:00:05]} 5. Nge2 {[%emt 0:00:02]} Nf6 6. a3 Be7 7. Be3 O-O 8. O-O
d6 9. h3 Nbd7 10. f4 c5 11. e5 dxe5 12. dxe5 Nd5 13. Nxd5 Bxd5 14. Nc3 Bb7 15.
Qh5 g6 16. Qg4 Re8 17. Ne4 c4 18. Nd6 Bxd6 19. Bxc4 Bc5 20. Bf2 Qc7 21. Bb3
Bxf2+ 22. Rxf2 Nc5 23. Rd1 Qe7 24. Rfd2 h5 25. Qe2 Rad8 26. Ba2 Rxd2 27. Rxd2
Rd8 28. Qd1 Rxd2 29. Qxd2 Qd7 30. Qd6 Qxd6 31. exd6 Kf8 32. b4 Ne4 33. c4 Nxd6
34. Kf2 Ke7 35. Bb3 Ba6 36. c5 bxc5 37. bxc5 Ne4+ 38. Ke3 Nxc5 39. Bc2 Bb5 40.
g3 Kd6 41. Kd4 a6 42. Bd1 a5 43. Bf3 Bc6 44. Bd1 a4 45. Kc4 Bd5+ 46. Kd4 Ne4
47. Bxa4 Nxg3 48. Bd1 Nf5+ 49. Kc3 Kc5 50. Bc2 Nd4 51. Bd3 Nb5+ 52. Bxb5 Kxb5
53. Kd4 f6 54. a4+ Kxa4 55. Kc5 g5 56. fxg5 fxg5 57. Kd4 g4 58. hxg4 hxg4 59.
Ke3 g3 60. Ke2 g2 61. Kf2 Bf3 62. Kg1 e5 63. Kf2 e4 64. Kg1 e3 65. Kh2 e2 66.
Kg3 e1=Q+ 67. Kxf3 g1=Q 68. Kf4 Qgf2+ 69. Kg4 Qeg1+ 70. Kh3 Qgg2# 0-1

[Event "DVM U14 2010"]
[Site "Magdeburg GER"]
[Date "2010.12.27"]
[Round "1"]
[White "Franz, Attila"]
[Black "Meißner, Peter"]
[Result "1-0"]
[Termination "normal"]
[Board "6.1"]
[WhiteElo "1546"]
[BlackElo "1571"]
[WhiteTeam "SK Langen"]
[BlackTeam "Brackweder SK"]
[PlyCount "115"]
[WhiteFideId "12927570"]
[EventCountry "GER"]
[EventRounds "7"]
[EventType "team-swiss"]
[EventDate "2010.12.26"]

1. e4 c5 2. Nf3 d6 3. Nc3 Nc6 4. d4 cxd4 5. Nxd4 g6 6. Be3 Bg7 7. Bc4 Nf6 8.
O-O Ng4 9. Nxc6 bxc6 10. Qd2 Nxe3 11. Qxe3 O-O 12. Rad1 Qa5 13. Rd3 Rb8 14. Rb1
Rd8 15. Qf3 e6 16. Qg3 Rb4 17. Bb3 Be5 18. f4 Qb6+ 19. Kh1 Bxc3 20. Rxc3 Rxe4
21. Qg5 Bb7 22. Rh3 Rd7 23. Qh6 f5 24. Rg3 Rg7 25. h4 Qf2 26. Qg5 h6 27. Qd8+
Kh7 28. Rf3 Qd2 29. Rbf1 c5 30. R3f2 Re2 31. Kg1 d5 32. Qf6 c4 33. Ba4 d4 34.
Qxe6 d3 35. Qxc4 Rxf2 36. Rxf2 Qe1+ 37. Rf1 d2 38. c3 Qxh4 39. Qe2 g5 40. Bc2
Rf7 41. Qxd2 Be4 42. fxg5 Bxc2 43. Qxc2 Qxg5 44. Qe2 h5 45. Qe6 Kg7 46. c4 h4
47. Qe5+ Kh7 48. Qf4 Qh5 49. Rf3 Kg6 50. c5 Qh7 51. Rh3 Re7 52. Rxh4 Re1+ 53.
Kh2 Qe7 54. Rh6+ Kg7 55. Rh5 Qxc5 56. Qg3+ Kf6 57. Rh6+ Kf7 58. Qxe1 1-0

[Event "DVM U14 2010"]
[Site "Magdeburg GER"]
[Date "2010.12.27"]
[Round "1"]
[White "Beck, Oliver"]
[Black "Bingert, Tim Niklas"]
[Result "0-1"]
[Termination "normal"]
[Board "6.2"]
[WhiteElo "1326"]
[BlackElo "1761"]
[WhiteTeam "Brackweder SK"]
[BlackTeam "SK Langen"]
[PlyCount "22"]
[WhiteFideId "12927635"]
[BlackFideId "12917907"]
[EventCountry "GER"]
[EventRounds "7"]
[EventType "team-swiss"]
[EventDate "2010.12.26"]

1. e4 c5 2. Nf3 Nc6 3. d4 cxd4 4. Nxd4 g6 5. Nc3 Bg7 6. Be3 Nf6 7. Bc4 O-O 8.
f3 Qb6 9. Qd3 Ne5 10. Qe2 Qxb2 11. Rb1 Qxc3+ 0-1

[Event "DVM U14 2010"]
[Site "Magdeburg GER"]
[Date "2010.12.27"]
[Round "1"]
[White "Anders, Eric"]
[Black "Schmitt, Matthias"]
[Result "1-0"]
[Termination "normal"]
[Board "6.3"]
[WhiteElo "1710"]
[BlackElo "1444"]
[WhiteTeam "SK Langen"]
[BlackTeam "Brackweder SK"]
[PlyCount "77"]
[WhiteFideId "1272110"]
[BlackFideId "12927643"]
[EventCountry "GER"]
[EventRounds "7"]
[EventType "team-swiss"]
[EventDate "2010.12.26"]

1. e4 e5 2. Nf3 Nc6 3. Bc4 Bc5 4. Nc3 Nf6 5. d3 h6 6. O-O d6 7. h3 O-O 8. Re1
Be6 9. Bb3 Qd7 10. Bxe6 fxe6 11. Be3 Bb6 12. Qd2 Nd4 13. Bxd4 Bxd4 14. Nxd4
exd4 15. Ne2 e5 16. c3 dxc3 17. Nxc3 Nh5 18. d4 Qe6 19. dxe5 dxe5 20. Qd5 Qxd5
21. exd5 a6 22. Rxe5 Nf4 23. Rd1 Rae8 24. Rxe8 Rxe8 25. d6 cxd6 26. Rxd6 Re7
27. Kh2 Kf7 28. Kg3 Nh5+ 29. Kf3 Nf6 30. a3 Rd7 31. Rxd7+ Nxd7 32. Ke3 Ke6 33.
f4 g6 34. g4 h5 35. Ne4 b6 36. Kd4 a5 37. a4 Nb8 38. Kc4 Nd7 39. b3 1-0

[Event "DVM U14 2010"]
[Site "Magdeburg GER"]
[Date "2010.12.27"]
[Round "1"]
[White "Hoffmann, Thiemo"]
[Black "Thomas, Tobias"]
[Result "0-1"]
[Termination "normal"]
[Board "6.4"]
[WhiteElo "1401"]
[BlackElo "1309"]
[WhiteTeam "Brackweder SK"]
[BlackTeam "SK Langen"]
[PlyCount "58"]
[BlackFideId "12920223"]
[EventCountry "GER"]
[EventRounds "7"]
[EventType "team-swiss"]
[EventDate "2010.12.26"]

1. e4 c5 2. f4 Nc6 3. Nf3 e6 4. d4 cxd4 5. Nxd4 Bc5 6. Nf3 Nge7 7. Nc3 O-O 8.
Bd3 d5 9. e5 Qb6 10. Qe2 f6 11. exf6 Rxf6 12. Bxh7+ Kxh7 13. Ng5+ Kg6 14. Qd3+
Nf5 15. g4 Bd7 16. gxf5+ exf5 17. Nxd5 Nb4 18. Qh3 Re6+ 19. Nxe6 Qxe6+ 20. Ne3
Nxc2+ 21. Ke2 Bb5+ 22. Kf2 Nxa1 23. Rg1+ Kf7 24. Qh5+ Kg8 25. Qf3 Re8 26. Qxb7
Bxe3+ 27. Bxe3 Qxe3+ 28. Kg2 Bd3 29. Qd5+ Kh8 0-1